Dláždění teras, cest a nádvoří

Salvato in:
Dettagli Bibliografici
Autore principale: Bastian, Hans-Werner (Autore)
Altri autori: Šifaldová, Irena (Traduttore)
Natura: Libro
Soggetti:
Tags: Aggiungi Tag
Nessun Tag, puoi essere il primo ad aggiungerne!!

MARC

LEADER 00000nam a22000003a 4500
001 stu90057
005 20150617225627.5
008 040910s--------------------------------d
020 |a 80-7234-231-2 
040 |a STU  |b slo 
041 0
100 1 |a Bastian, Hans-Werner  |4 aut 
245 1 |a Dláždění teras, cest a nádvoří 
650 7 |a cesty  |2 stusub 
650 7 |a terasy  |2 stusub 
700 1 |a Šifaldová, Irena  |4 trl 
996 |b 284AU01476  |c A*4018 U  |l AAKNAR  |s A  |a 24  |w stu90057_0001 
996 |b 284AU01477  |c A*4019 U  |l AAKNAR  |s A  |a 24  |w stu90057_0002